| 000 | 00447nam a2200133 a 4500 | ||
|---|---|---|---|
| 008 | 120416s1925 ||||||||||||||||| || u | ||
| 050 | _aPQ 2435.A3S23 | ||
| 100 | _aStendhal, 1783-1842 | ||
| 245 | 1 | 0 | _aScarlet and black, vol.1 |
| 246 | _aStendhal 1783-1842 | ||
| 260 |
_aLondon _bDent _c1925 |
||
| 350 | _a0.00 | ||
| 995 |
_D0.00 _FCBU-MAIN LIBRARY (Kitwe) _H1 _I3.95 _M1 _UAVAILABLE _ZFiction Collection |
||
| 999 |
_c57003 _d57003 |
||